|
|
|
|
| LEADER |
00913nam a2200241 a 4500 |
| 001 |
1861187 |
| 008 |
090813s1983 nyu b 001 0 eng d |
| 010 |
|
|
|a 82020849
|
| 020 |
|
|
|a 0582282462
|
| 040 |
|
|
|a DLC
|c DLC
|d DLC
|
| 082 |
0 |
0 |
|a 370/.7/8
|2 19
|
| 100 |
1 |
|
|a Borg, Walter R.
|
| 245 |
1 |
0 |
|a Educational research :
|b an introduction /
|c Walter R. Borg, Meredith Damien Gall.
|
| 250 |
|
|
|a 4th ed.
|
| 260 |
|
|
|a New York :
|b Longman,
|c c1983.
|
| 300 |
|
|
|a xxxiii, 936 p. ;
|c 24 cm.
|
| 504 |
|
|
|a Includes bibliographies and indexes.
|
| 541 |
1 |
|
|e 00011502
|
| 650 |
|
0 |
|a Education
|x Research.
|
| 700 |
1 |
|
|a Gall, Meredith D.,
|d 1942-
|
| 852 |
4 |
|
|a Ayesha Abed Library
|j General Shelf.
|
| 999 |
|
|
|c 4097
|d 4097
|
| 952 |
|
|
|0 0
|1 0
|2 ddc
|4 0
|6 370_780000000000000_BOR_1983
|7 0
|9 3771
|a BRACUL
|b BRACUL
|c GEN
|d 2009-10-03
|g 0.00
|l 1
|m 1
|o 370.78 BOR
|p 3010011502
|r 2011-07-19
|s 2011-06-15
|t 1
|w 2009-10-03
|y BK
|x No price found in the accession register.
|